000 00563nam a22002297a 4500
001 44631
003 UA-OsUOA
005 20210914143031.0
007 ta
008 20070305b un ||||| |||| 00| 0 ukr d
040 _aUA-OsUOA
_bpol
_cUA-OsUOA
_dUA-OsUOA
041 _apol
080 _a94(477)04
090 _a94(477)04
245 _aThe Diariusz podrozny of Pylyp Orlyk (1720-1726)
260 _c1989
300 _a795 с.
505 _gV. 5
650 7 _a9 Географія. Біографії. Історія
_2UDC
942 _cBK
_2udc
955 _a2
999 _c330750
_d330750